Unconventional Lie algebras
Αποθηκεύτηκε σε:
| Άλλοι συγγραφείς: | |
|---|---|
| Μορφή: | Βιβλίο |
| Γλώσσα: | English |
| Δημοσίευση: |
Providence, R.I. :
American Mathematical Society,
c1993.
|
| Σειρά: | Advances in Soviet mathematics ;
17 |
| Θέματα: | |
| Ετικέτες: |
Προσθήκη ετικέτας
Δεν υπάρχουν, Καταχωρήστε ετικέτα πρώτοι!
|
MARC
| LEADER | 00000nam a2200000 a 4500 | ||
|---|---|---|---|
| 001 | 1/109896 | ||
| 008 | 160211t1993####riu| ||| |||||||eng|| | ||
| 020 | |a 0821841211 | ||
| 040 | |a GR-MyUa |b gre |c GR-MyUa |e AACR2 | ||
| 041 | 0 | |a eng | |
| 082 | 7 | |a 512.482 |2 (23) | |
| 245 | 1 | 0 | |a Unconventional Lie algebras / |c Dmitry Fuchs, editor. |
| 260 | |a Providence, R.I. : |b American Mathematical Society, |c c1993. | ||
| 300 | |a x, 216 σ. ; |c 26 εκ. | ||
| 490 | 1 | |a (Advances in soviet mathematics) |v ; 17 | |
| 504 | |a Περιέχει βιβλιογραφικές αναφορές. | ||
| 650 | 0 | |a Lie algebras. | |
| 650 | 0 | |a Infinite dimensional Lie algebras. | |
| 700 | 1 | |a Fuks, D. B. |e edt | |
| 830 | 0 | |a Advances in Soviet mathematics ; |v 17 | |
| 852 | |a INST |b SAMOS |e 20160211 |h 512.482 UNC |p 005300043326 |q 005300043326 |t BK |y 0 | ||
| 922 | |a 3ΕΛΗ |b 201601 |c Τμήμα Μαθηματικών/Μεταπτυχιακό |d Διαδρομές | ||
| 970 | |a Κοσιέρης |b Χρήστος |z 11-02-2016 | ||